Hypixel Skyblock Minion - Statistics

General Stats
  • This quiz has been taken 233 times
    156 since last reset
  • The average score is 44 of 58
Answer Stats
Type Answer Minion % Correct
Mining Cobblestone Minion
95%
- Diamond Minion
93%
Combat Zombie Minion
90%
- Emerald Minion
89%
- Gold Minion
89%
- Redstone Minion
88%
Foraging Oak Minion
87%
- Iron Minion
86%
- Lapis Minion
86%
Agronomy Wheat Minion
86%
- Coal Minion
85%
Husbandry Cow Minion
85%
- Pig Minion
85%
- Potato Minion
85%
- Carrot Minion
84%
- Dark Oak Minion
84%
- Mithril Minion
84%
- Birch Minion
83%
- Obsidian Minion
83%
- Spider Minion
83%
- Jungle Minion
82%
- Sheep Minion
82%
- Spruce Minion
82%
- Acacia Minion
81%
Combat Skeleton Minion
81%
- Blaze Minion
80%
- Chicken Minion
80%
- Melon Minion
80%
- Enderman Minion
79%
Slayer Revenant Minion
78%
- Slime Minion
78%
- Pumpkin Minion
76%
- Sugar Cane Minion
76%
- Snow Minion
75%
- Nether Wart Minion
73%
Slayer Tarantula Minion
71%
- Mushroom Minion
70%
- Rabbit Minion
70%
- Cocoa Beans Minion
69%
- Sand Minion
68%
- Cactus Minion
66%
No clue Fishing Minion
66%
New (Mining) Hard Stone Minion
66%
- Magma Cube Minion
66%
- Clay Minion
65%
- End Stone Minion
65%
Newest (Combat) Inferno Minion
63%
Newest (Mining) Red Sand Minion
62%
- Glowstone Minion
61%
- Quartz Minion
61%
- Gravel Minion
60%
- Creeper Minion
59%
- Ghast Minion
59%
- Ice Minion
59%
Newest (Mining) Mycelium Minion
59%
Special Flower Minion
56%
Combat Cave Spider Minion
52%
New (Slayer) Voidling Minion
52%
No matching quizzes found
Score Distribution
Percent of People with Each Score
Percentile by Number Answered
Your Score History
You have not taken this quiz since the last reset